Child victims of crime: problems and perspectives (Record no. 398486)

000 -LEADER
fixed length control field 00528cam a22001697a 4500
008 - FIXED-LENGTH DATA ELEMENTS--GENERAL INFORMATION
fixed length control field 180718b2001 xxu||||| |||| 00| 0 eng d
020 ## - INTERNATIONAL STANDARD BOOK NUMBER
International Standard Book Number 812120741X
082 ## - DEWEY DECIMAL CLASSIFICATION NUMBER
Classification number Q8x54 G959
245 ## - TITLE STATEMENT
Title Child victims of crime: problems and perspectives
Statement of responsibility, etc. edited by M.C. Gupta, K. Chockalingam and Jaytilak Guha Roy
260 ## - PUBLICATION, DISTRIBUTION, ETC.
Place of publication, distribution, etc. New Delhi
Name of publisher, distributor, etc. Gyan
Date of publication, distribution, etc. 2001
300 ## - PHYSICAL DESCRIPTION
Extent 306p.
650 ## - SUBJECT ADDED ENTRY--TOPICAL TERM
Topical term or geographic name entry element Abused children - India
650 ## - SUBJECT ADDED ENTRY--TOPICAL TERM
Topical term or geographic name entry element Victims of crimes - India
700 ## - ADDED ENTRY--PERSONAL NAME
Personal name Guha Roy, Jaytilak
700 ## - ADDED ENTRY--PERSONAL NAME
Personal name Chockalingam, K.
700 ## - ADDED ENTRY--PERSONAL NAME
Personal name Gupta, M.C.
Holdings
Withdrawn status Lost status Damaged status Not for loan Permanent Location Current Location Date acquired Full call number Barcode Date last seen Price effective from Koha item type
        Indian Institute of Public Administration Indian Institute of Public Administration 2001-08-25 Q8x54 G959 76871 2018-07-21 2018-07-21 Book

Powered by Koha